000 00721cab a2200229 4500
001 WB3226-03
008 090401t1996 xxu||||| |||| 00| 0 eng d
035 _a(Sirsi) u44719
041 _aeng
245 _aCIC to approve inspectors
260 _c1996
350 _a0
490 _aDoE News Release
_v(276) 1 July 1996, (3)
520 _aThe Construction Industry Council has been designated to approve individual inspectors to undertake private sector building control.
650 _aBUILDING CONTROL
_96222
650 _aBUILDING INSPECTORS
650 _aCONSTRUCTION INDUSTRY COUNCIL
650 _aDOE CIRCULAR 10/1996
690 _aBUILDING AND CONSTRUCTION-CONTROL
942 _n0
948 _c04/03/1997
999 _c28417
_d28417